000 00492nam a2200181Ia 4500
005 20250923144721.0
008 008 250917s9999 xx 000 0 eng d
037 _aTextual
040 _aDSWL
_beng
_cDSWL
041 _aeng
_2eng
084 _qDSWL
100 _aGoodrich, Loas
_9827683
245 0 _aDecentralized campiag-A Handbook
_cby Loas Goodrich
260 _aNew York
_b Association Press
_c1959
300 _a256p.
942 _cTEXL
999 _c1442435
_d1442435